[Event "BRA-ch Seniors 50"]
[Site "Joao Pessoa"]
[Date "2022.08.21"]
[Round "5"]
[White "Gomes, Carlos"]
[Black "Teixeira, Alexandre Cesar Fer"]
[Result "1-0"]
[WhiteElo "1536"]
[BlackElo "1514"]
[PlyCount "127"]
[EventDate "2022.08.19"]
[EventType "k.o."]
[EventRounds "5"]
[EventCountry "BRA"]
[SourceTitle "CBM 210 Extra"]
[Source "ChessBase"]
[SourceDate "2022.11.30"]
[SourceVersion "1"]
[SourceVersionDate "2022.11.30"]
[SourceQuality "1"]

1. e4 Nc6 2. Nf3 d6 3. d4 Bg4 4. Be2 Nf6 5. Nc3 g6 6. h3 Bd7 7. Bg5 Bg7 8. Qd2 a6 9. a4 Qc8 10. Bh6 0-0 11. 0-0 e5 12. Bxg7 Kxg7 13. d5 Ne7 14. Nh2 c6 15. dxc6 Nxc6 16. Qxd6 Rd8 17. Qc5 b6 18. Qe3 Nd4 19. Bd3 Nh5 20. f4 Qc5 21. fxe5 Qxe5 22. Nf3 Nxf3+ 23. Rxf3 b5 24. g4 Nf6 25. Raf1 b4 26. Ne2 Ng8 27. Rxf7+ Kh8 28. b3 Be6 29. Qf4 Qc5+ 30. Qf2 Qd6 31. Rf3 Nh6 32. Nf4 Bd7 33. Nd5 Be6 34. Qd4+ Kg8 35. Nf6+ Kh8 36. Qxd6 Rxd6 37. g5 Nf7 38. Rg3 Ne5 39. Nd5 Bxd5 40. exd5 Nxd3 41. Rxd3 Rad8 42. Rfd1 Kg7 43. Kg2 Re8 44. Kf3 h5 45. gxh6+ Kxh6 46. Rd4 g5 47. Rxb4 Rf6+ 48. Kg4 Re2 49. h4 gxh4 50. Kxh4 Rff2 51. Rd3 Rxc2 52. d6 Rh2+ 53. Kg4 Rhg2+ 54. Kf4 Rcf2+ 55. Ke5 Rg5+ 56. Ke6 Re2+ 57. Kd7 Rg7+ 58. Kc6 a5 59. Rh3+ Kg5 60. Rg3+ Kf6 61. Rxg7 Kxg7 62. Rd4 Rc2+ 63. Rc4 Rd2 64. d7 1-0

[Event "BRA-ch Seniors 50"]
[Site "Joao Pessoa"]
[Date "2022.08.19"]
[Round "2"]
[White "Teixeira, Alexandre Cesar Fer"]
[Black "De Almeida, Valdemiza Gurgel"]
[Result "1-0"]
[WhiteElo "1514"]
[BlackElo "1358"]
[PlyCount "99"]
[EventDate "2022.08.19"]
[EventType "k.o."]
[EventRounds "5"]
[EventCountry "BRA"]
[SourceTitle "CBM 210 Extra"]
[Source "ChessBase"]
[SourceDate "2022.11.30"]
[SourceVersion "1"]
[SourceVersionDate "2022.11.30"]
[SourceQuality "1"]

1. d4 d6 2. Bf4 Nd7 3. Nf3 c6 4. e3 Qc7 5. Bd3 e5 6. dxe5 dxe5 7. Bg3 g6 8. 0-0 Bg7 9. Nc3 Ngf6 10. Bc4 0-0 11. Qe2 Nh5 12. Ng5 Nc5 13. b4 Ne6 14. Nxe6 fxe6 15. Qg4 Qe7 16. Rab1 b5 17. Bd3 Nf6 18. Qg5 h6 19. Qxg6 Rf7 20. Bxe5 Kf8 21. Ne4 Nxe4 22. Qxe4 Qg5 23. Bxg7+ Rxg7 24. Qf4+ Qxf4 25. exf4 Bb7 26. Be4 h5 27. Rbd1 a5 28. bxa5 Rxa5 29. Rd6 Ra4 30. Rxe6 Bc8 31. Re5 Bd7 32. Rd1 Rxa2 33. f5 Rg5 34. f3 Ra7 35. Rd6 Rg7 36. Bxc6 Bxc6 37. Rxc6 Rgd7 38. Rxb5 Ra1+ 39. Kf2 Rad1 40. Rb8+ Kf7 41. Rh6 R7d2+ 42. Kg3 h4+ 43. Rxh4 Rg1 44. Rh7+ Kf6 45. Rf8+ Ke5 46. Re7+ Kd6 47. Rd8+ Kxe7 48. Rxd2 Kf6 49. Kg4 Re1 50. Rd6+ 1-0

[Event "Joao Pessoa Fischer Memorial 11th"]
[Site "Joao Pessoa"]
[Date "2022.05.08"]
[Round "6"]
[White "Baltar, Petrov Ferreira"]
[Black "Teixeira, Alexandre Cesar Fer"]
[Result "1-0"]
[WhiteElo "1646"]
[BlackElo "1519"]
[PlyCount "55"]
[EventDate "2022.05.06"]
[EventType "swiss"]
[EventRounds "6"]
[EventCountry "BRA"]
[SourceTitle "EXT 2023"]
[Source "ChessBase"]
[SourceDate "2022.10.05"]
[SourceVersion "1"]
[SourceVersionDate "2022.10.05"]
[SourceQuality "1"]

1. e4 c6 2. d4 d5 3. e5 Bf5 4. h4 h6 5. g4 Bh7 6. Bd3 e6 7. h5 Nd7 8. c3 Qc7 9. Bxh7 Rxh7 10. Qd3 Rh8 11. f4 0-0-0 12. Nf3 c5 13. b3 cxd4 14. Nxd4 Nc5 15. Qe2 Ne4 16. Qf3 Bb4 17. Bb2 Bc5 18. Nd2 f5 19. Nxe6 Qb6 20. Nxd8 Bf2+ 21. Kd1 Kxd8 22. gxf5 Ne7 23. Nxe4 dxe4 24. Qxe4 Rf8 25. Ke2 Nxf5 26. Rad1+ Ke7 27. Ba3+ Kf7 28. Qxf5+ 1-0

[Event "Joao Pessoa Fischer Memorial 11th"]
[Site "Joao Pessoa"]
[Date "2022.05.07"]
[Round "3"]
[White "Teixeira, Alexandre Cesar Fer"]
[Black "Oliveira, Ornan Filipe de Ara"]
[Result "0-1"]
[WhiteElo "1519"]
[BlackElo "1775"]
[PlyCount "68"]
[EventDate "2022.05.06"]
[EventType "swiss"]
[EventRounds "6"]
[EventCountry "BRA"]
[SourceTitle "EXT 2023"]
[Source "ChessBase"]
[SourceDate "2022.10.05"]
[SourceVersion "1"]
[SourceVersionDate "2022.10.05"]
[SourceQuality "1"]

1. d4 Nf6 2. Bf4 e6 3. Nf3 c5 4. e3 cxd4 5. exd4 d5 6. Bd3 Nc6 7. c3 Qb6 8. Qb3 Qd8 9. Ne5 Nh5 10. Bg3 Bd6 11. Bb5 Qc7 12. Nxc6 bxc6 13. Bxd6 Qxd6 14. Bd3 e5 15. 0-0 e4 16. Qd1 Qg6 17. Be2 Nf4 18. g3 a5 19. Kh1 Nxe2 20. Qxe2 Ba6 21. Qe1 Bxf1 22. Qxf1 0-0 23. Nd2 a4 24. c4 f5 25. Rc1 f4 26. cxd5 cxd5 27. Qb5 Rad8 28. Rc7 fxg3 29. fxg3 e3 30. Nb1 Qe4+ 31. Kg1 Qxb1+ 32. Kg2 Rf2+ 33. Kh3 Qf5+ 34. Kh4 Rxh2# 0-1

[Event "Pessoense Master 6th"]
[Site "Joao Pessoa"]
[Date "2020.03.14"]
[Round "9"]
[White "Morais, Francisco John Silv"]
[Black "Teixeira, Alexandre Cesar Fer"]
[Result "1-0"]
[WhiteElo "1695"]
[BlackElo "1502"]
[PlyCount "117"]
[EventDate "2020.03.07"]
[EventType "tourn"]
[EventRounds "11"]
[EventCountry "BRA"]
[SourceTitle "CBM 195 Extra"]
[Source "ChessBase"]
[SourceDate "2020.05.31"]
[SourceVersion "1"]
[SourceVersionDate "2020.05.31"]
[SourceQuality "1"]

1. e4 c6 2. d4 g6 3. c4 Bg7 4. Nf3 d5 5. cxd5 cxd5 6. e5 Bg4 7. h3 Qa5+ 8. Bd2 Bxf3 9. Qxf3 Qb6 10. Qxd5 e6 11. Qb5+ Nd7 12. Nc3 Qxd4 13. f4 Qb6 14. Rd1 a6 15. Qxd7+ Kxd7 16. Be3+ Kc7 17. Bxb6+ Kxb6 18. Ne4 Bf8 19. Bc4 Bb4+ 20. Ke2 Ne7 21. a3 Rac8 22. Bb3 Ba5 23. Nd6 Rcf8 24. Bc2 Ka7 25. Be4 Nf5 26. Bxf5 gxf5 27. b4 Bc7 28. Rd2 Rhg8 29. Kf3 h5 30. Rc1 Bxd6 31. exd6 Rd8 32. Rc7 Kb6 33. Rxf7 h4 34. d7 Rg3+ 35. Kf2 Kc7 36. a4 Rc3 37. Re7 Rc4 38. g3 hxg3+ 39. Kxg3 Rxb4 40. h4 Rxa4 41. h5 Ra1 42. Kh2 Ra4 43. Kg3 Ra1 44. h6 Rh1 45. h7 a5 46. Rh2 Rxh2 47. Kxh2 a4 48. Re8 Kxd7 49. Rxd8+ Kxd8 50. h8Q+ Kc7 51. Qe5+ Kc6 52. Qxe6+ Kc5 53. Qxf5+ Kb4 54. Qe4+ Kb3 55. Qxb7+ Kc2 56. f5 a3 57. f6 a2 58. Qg2+ Kb1 59. Qxa2+ 1-0

[Event "Pessoense Master 6th"]
[Site "Joao Pessoa"]
[Date "2020.03.13"]
[Round "8"]
[White "Teixeira, Alexandre Cesar Fer"]
[Black "De Moura Filho, Eny Nobrega"]
[Result "1-0"]
[WhiteElo "1502"]
[BlackElo "1379"]
[PlyCount "63"]
[EventDate "2020.03.07"]
[EventType "tourn"]
[EventRounds "11"]
[EventCountry "BRA"]
[SourceTitle "CBM 195 Extra"]
[Source "ChessBase"]
[SourceDate "2020.05.31"]
[SourceVersion "1"]
[SourceVersionDate "2020.05.31"]
[SourceQuality "1"]

1. d4 d5 2. Bf4 Nf6 3. Nf3 Nc6 4. c3 Bg4 5. h3 Bxf3 6. exf3 e6 7. Nd2 Bd6 8. Bxd6 Qxd6 9. Bd3 a6 10. Qc2 b5 11. Nb3 e5 12. 0-0 0-0 13. Rfe1 Rfe8 14. Rac1 e4 15. fxe4 dxe4 16. Bxe4 Nxe4 17. Rxe4 f5 18. Rxe8+ Rxe8 19. Qxf5 Ne7 20. Qe4 Qd8 21. Re1 c6 22. Nc5 Qd5 23. Qxd5+ cxd5 24. Nxa6 Kf7 25. Nc7 Rb8 26. Re5 b4 27. cxb4 Rxb4 28. Rxe7+ Kf8 29. b3 Rb7 30. Nxd5 Rxe7 31. Nxe7 Kxe7 32. Kf1 1-0

[Event "Joao Pessoa Caldas Memorial 5th"]
[Site "Joao Pessoa"]
[Date "2019.09.21"]
[Round "11"]
[White "Teixeira, Alexandre Cesar Fer"]
[Black "Urquiza, Marcello de Albuque"]
[Result "0-1"]
[WhiteElo "1523"]
[BlackElo "2059"]
[PlyCount "50"]
[EventDate "2019.09.11"]
[EventType "tourn"]
[EventRounds "11"]
[EventCountry "BRA"]
[SourceTitle "CBM 195 Extra"]
[Source "ChessBase"]
[SourceDate "2020.05.31"]
[SourceVersion "1"]
[SourceVersionDate "2020.05.31"]
[SourceQuality "1"]

1. d4 Nf6 2. c4 c5 3. Nf3 e6 4. g3 a6 5. Bg2 cxd4 6. Nxd4 d6 7. 0-0 Be7 8. Nc3 0-0 9. b3 Nbd7 10. Bb2 Qc7 11. Qd2 Rd8 12. Rac1 Nf8 13. h3 Bd7 14. g4 h6 15. f4 Ng6 16. Qe1 e5 17. fxe5 dxe5 18. Nf5 Bxf5 19. gxf5 Nf4 20. e3 Nd3 21. Qe2 Nxc1 22. Bxc1 Bc5 23. Ne4 Nxe4 24. Bxe4 Qb6 25. Bd2 Rxd2 0-1

[Event "Joao Pessoa Caldas Memorial U2000 4th"]
[Site "Joao Pessoa"]
[Date "2018.11.15"]
[Round "3"]
[White "Teixeira, Alexandre Cesar Fer"]
[Black "Galindo, Luciano Dutra"]
[Result "0-1"]
[WhiteElo "1545"]
[BlackElo "1749"]
[PlyCount "82"]
[EventDate "2018.09.24"]
[EventType "tourn"]
[EventRounds "11"]
[EventCountry "BRA"]
[SourceTitle "EXT 2021"]
[Source "ChessBase"]
[SourceDate "2020.10.23"]
[SourceVersion "1"]
[SourceVersionDate "2020.10.23"]
[SourceQuality "1"]

1. d4 d5 2. Bf4 c5 3. Nf3 Nc6 4. e3 cxd4 5. exd4 Nf6 6. c3 Bg4 7. Be2 e6 8. Ne5 Bxe2 9. Qxe2 a6 10. Nd2 Bd6 11. Ndf3 0-0 12. Qc2 Rc8 13. h4 Qb6 14. Nd7 Nxd7 15. Bxd6 Rfe8 16. Ng5 Nf6 17. Bc5 Qc7 18. h5 h6 19. Nf3 e5 20. 0-0-0 e4 21. Nh4 Ng4 22. Nf5 Qf4+ 23. Ne3 Qxf2 24. Nxg4 Qf4+ 25. Kb1 Qxg4 26. Qb3 Qd7 27. g4 Na5 28. Qc2 Nc4 29. Qe2 b6 30. Ba3 Nxa3+ 31. bxa3 Rxc3 32. Qd2 Rec8 33. g5 hxg5 34. Qxg5 Rc2 35. a4 Qd6 36. Rh3 Qb4+ 37. Rb3 Qxa4 38. Rb2 Rxb2+ 39. Kxb2 Qxd1 40. Qh6 Qc2+ 41. Ka3 Qc3+ 0-1

[Event "Pessoense Master U1900 2nd"]
[Site "Joao Pessoa"]
[Date "2018.07.13"]
[Round "8"]
[White "Teixeira, Alexandre Cesar Fer"]
[Black "Galindo, Luciano Dutra"]
[Result "0-1"]
[WhiteElo "1523"]
[BlackElo "1770"]
[PlyCount "56"]
[EventDate "2018.07.06"]
[EventType "tourn"]
[EventRounds "9"]
[EventCountry "BRA"]
[SourceTitle "EXT 2021"]
[Source "ChessBase"]
[SourceDate "2020.10.23"]
[SourceVersion "1"]
[SourceVersionDate "2020.10.23"]
[SourceQuality "1"]

1. d4 d5 2. Bf4 Nf6 3. Nf3 c5 4. e3 Nc6 5. c3 e6 6. Bd3 c4 7. Bc2 Nh5 8. Bg5 Nf6 9. Ne5 Be7 10. Ba4 Bd7 11. Nxd7 Qxd7 12. Nd2 a6 13. Nf3 0-0 14. Ne5 Qc7 15. Bf4 Bd6 16. Nxc6 bxc6 17. Bxd6 Qxd6 18. Bc2 Rfb8 19. Rb1 c5 20. 0-0 Rb7 21. Qf3 Rab8 22. b3 cxb3 23. axb3 cxd4 24. cxd4 Rc7 25. Rfc1 Rbc8 26. Rb2 Qa3 27. Bxh7+ Nxh7 28. Rxc7 Qa1+ 0-1

[Event "Joao Pessoa Fischer Memorial 9th"]
[Site "Joao Pessoa"]
[Date "2018.03.16"]
[Round "2"]
[White "Antas Filho, Jose de Anchieta"]
[Black "Teixeira, Alexandre Cesar Fer"]
[Result "1-0"]
[WhiteElo "1794"]
[BlackElo "1528"]
[PlyCount "42"]
[EventDate "2018.03.16"]
[EventType "swiss"]
[EventRounds "6"]
[EventCountry "BRA"]
[SourceTitle "CBM 183 Extra"]
[Source "ChessBase"]
[SourceDate "2018.04.19"]
[SourceVersion "1"]
[SourceVersionDate "2018.04.19"]
[SourceQuality "1"]

1. c4 Nf6 2. g3 d6 3. Bg2 Nc6 4. d4 g6 5. d5 Ne5 6. f4 Neg4 7. h3 Nh6 8. e4 Bg7 9. Nc3 Nd7 10. Nf3 Nc5 11. 0-0 Bxc3 12. bxc3 Nxe4 13. Qd4 Nf6 14. g4 Rg8 15. Re1 Nfxg4 16. hxg4 Bxg4 17. Qf6 Qd7 18. Bd2 e6 19. Ng5 a6 20. dxe6 fxe6 21. Nxe6 Qf7 1-0

[Event "Joao Pessoa Fischer Memorial 9th"]
[Site "Joao Pessoa"]
[Date "2018.03.16"]
[Round "1"]
[White "Teixeira, Alexandre Cesar Fer"]
[Black "Macedo, Maximo Valerio"]
[Result "0-1"]
[WhiteElo "1528"]
[BlackElo "2014"]
[PlyCount "62"]
[EventDate "2018.03.16"]
[EventType "swiss"]
[EventRounds "6"]
[EventCountry "BRA"]
[SourceTitle "CBM 183 Extra"]
[Source "ChessBase"]
[SourceDate "2018.04.19"]
[SourceVersion "1"]
[SourceVersionDate "2018.04.19"]
[SourceQuality "1"]

1. d4 Nf6 2. Bf4 d6 3. Nf3 g6 4. e3 Bg7 5. Bd3 0-0 6. c3 Nbd7 7. Qc2 Re8 8. Nbd2 e5 9. dxe5 dxe5 10. Bg5 Nc5 11. Bc4 Bf5 12. Qd1 Nd3+ 13. Bxd3 Qxd3 14. h4 Bg4 15. Bxf6 Bxf6 16. Nxe5 Rxe5 17. Qxg4 Qc2 18. h5 Qxb2 19. Rb1 Qxc3 20. hxg6 hxg6 21. Qf3 Rd8 22. 0-0 Rxd2 23. Qxf6 Rc5 24. Qf3 b6 25. Qa8+ Kg7 26. Qxa7 Ra5 27. Qb7 Raxa2 28. Rbc1 Rac2 29. Ra1 Qf6 30. Ra8 Rxf2 31. Rxf2 Qxf2+ 0-1

[Event "Joao Pessoa Master U1900 1st"]
[Site "Joao Pessoa"]
[Date "2017.11.22"]
[Round "8.5"]
[White "Galindo, Luciano Dutra"]
[Black "Teixeira, Alexandre Cesar Fer"]
[Result "1/2-1/2"]
[WhiteElo "1694"]
[BlackElo "1483"]
[PlyCount "89"]
[EventDate "2017.10.04"]
[EventType "tourn"]
[EventRounds "9"]
[EventCountry "BRA"]
[SourceTitle "EXT 2022"]
[Source "ChessBase"]
[SourceDate "2021.10.06"]
[SourceVersion "1"]
[SourceVersionDate "2021.10.06"]
[SourceQuality "1"]

1. d4 c5 2. d5 Nf6 3. c4 e6 4. dxe6 dxe6 5. Qxd8+ Kxd8 6. Bf4 Nc6 7. Nc3 Bd7 8. Nf3 Nh5 9. Bg3 Nxg3 10. hxg3 Nd4 11. 0-0-0 Nxf3 12. gxf3 g6 13. Bg2 Bg7 14. Rd3 Ke7 15. Rhd1 Rhd8 16. Ne4 Rac8 17. Kb1 b5 18. Nd6 Rb8 19. Nxb5 Bxb5 20. cxb5 Rxd3 21. Rxd3 Rxb5 22. Rd2 c4 23. Rc2 a5 24. f4 c3 25. e4 cxb2 26. e5 f6 27. Rxb2 Rxb2+ 28. Kxb2 fxe5 29. fxe5 Bxe5+ 30. Kb3 Bc7 31. Kc4 Kd6 32. Be4 Ke5 33. f3 Kf6 34. g4 h5 35. gxh5 gxh5 36. Kd3 h4 37. Ke2 h3 38. Kf1 h2 39. Kg2 Bf4 40. a4 Ke5 41. Bc6 Kd4 42. Bb5 e5 43. Bc6 Ke3 44. Bd5 Kd4 45. Bc6 1/2-1/2

[Event "Joao Pessoa Master U1900 1st"]
[Site "Joao Pessoa"]
[Date "2017.11.08"]
[Round "6.4"]
[White "Melo, Fernando Antonio Al"]
[Black "Teixeira, Alexandre Cesar Fer"]
[Result "1-0"]
[WhiteElo "1804"]
[BlackElo "1483"]
[PlyCount "65"]
[EventDate "2017.10.04"]
[EventType "tourn"]
[EventRounds "9"]
[EventCountry "BRA"]
[SourceTitle "EXT 2022"]
[Source "ChessBase"]
[SourceDate "2021.10.06"]
[SourceVersion "1"]
[SourceVersionDate "2021.10.06"]
[SourceQuality "1"]

1. f4 g6 2. d4 Bg7 3. Nf3 b6 4. e3 Bb7 5. Be2 Nf6 6. 0-0 0-0 7. c3 d5 8. Qe1 Nbd7 9. Nbd2 Ng4 10. Bd3 c5 11. Ne5 Ngxe5 12. fxe5 e6 13. Nf3 cxd4 14. exd4 f6 15. exf6 Qxf6 16. Ng5 Qe7 17. Qxe6+ Qxe6 18. Nxe6 Rxf1+ 19. Kxf1 Bf6 20. g3 Re8 21. Nf4 Bg5 22. Bb5 Re7 23. Kg2 Nf6 24. Nxg6 Re1 25. Nf4 Bxf4 26. gxf4 a6 27. Bd3 Rd1 28. Bc2 Re1 29. Bd3 Rd1 30. Bf5 Nh5 31. Rb1 Ng7 32. Bg4 Bc6 33. Bxd1 1-0

[Event "Joao Pessoa Master U1900 1st"]
[Site "Joao Pessoa"]
[Date "2017.10.11"]
[Round "2.2"]
[White "Trigueiro, Hamilton Nobrega"]
[Black "Teixeira, Alexandre Cesar Fer"]
[Result "0-1"]
[WhiteElo "1544"]
[BlackElo "1483"]
[PlyCount "90"]
[EventDate "2017.10.04"]
[EventType "tourn"]
[EventRounds "9"]
[EventCountry "BRA"]
[SourceTitle "EXT 2022"]
[Source "ChessBase"]
[SourceDate "2021.10.06"]
[SourceVersion "1"]
[SourceVersionDate "2021.10.06"]
[SourceQuality "1"]

1. e4 c6 2. d4 d5 3. Bd3 dxe4 4. Bxe4 Nf6 5. Nc3 Nxe4 6. Nxe4 Bf5 7. Qd3 e6 8. Nf3 Qd5 9. Nc3 Bxd3 10. Nxd5 cxd5 11. cxd3 Bb4+ 12. Bd2 Bxd2+ 13. Kxd2 0-0 14. Rac1 Nc6 15. a3 Na5 16. Rc3 Rac8 17. Rhc1 Rxc3 18. Rxc3 Nc6 19. Ne5 Nxd4 20. Rc7 f6 21. Nf3 Nxf3+ 22. gxf3 Rf7 23. Rxf7 Kxf7 24. Kc3 Ke7 25. Kb4 Kd6 26. f4 Kc6 27. a4 e5 28. f5 g6 29. fxg6 hxg6 30. f3 f5 31. h3 e4 32. dxe4 dxe4 33. fxe4 f4 34. Kc4 Kd6 35. Kd4 a5 36. h4 b6 37. e5+ Ke6 38. Ke4 f3 39. Kxf3 Kxe5 40. Kg4 Kf6 41. Kf4 Ke6 42. Kg5 Kf7 43. Kf4 Ke6 44. Ke4 Kf6 45. Kf4 Ke6 0-1

[Event "Joao Pessoa Fischer Memorial 8th"]
[Site "Joao Pessoa"]
[Date "2017.03.19"]
[Round "6"]
[White "Frankental, David"]
[Black "Teixeira, Alexandre Cesar Fer"]
[Result "1-0"]
[WhiteElo "1805"]
[BlackElo "1466"]
[PlyCount "73"]
[EventDate "2017.03.17"]
[EventType "swiss"]
[EventRounds "6"]
[EventCountry "BRA"]
[SourceTitle "EXT 2018"]
[Source "ChessBase"]
[SourceDate "2017.10.13"]
[SourceVersion "1"]
[SourceVersionDate "2017.10.13"]
[SourceQuality "1"]

1. d4 d6 2. e4 Nf6 3. Nc3 g6 4. Be2 Bg7 5. Be3 c6 6. f4 d5 7. e5 Ne4 8. Nxe4 dxe4 9. c4 Be6 10. Qc2 Qc8 11. Qxe4 Bg4 12. Bxg4 Qxg4 13. Qf3 Qf5 14. g4 Qc2 15. Qe2 Qa4 16. b3 Qa5+ 17. Qd2 Qc7 18. Nf3 a5 19. d5 a4 20. Kf2 cxd5 21. cxd5 0-0 22. Rac1 Qd7 23. h3 axb3 24. axb3 Qb5 25. b4 Ra4 26. Bc5 Rd8 27. Bxe7 Re8 28. d6 Rxb4 29. d7 Nxd7 30. Qxb4 Qa6 31. Ra1 Qe6 32. Bd6 Rc8 33. Rhc1 Rd8 34. Qxb7 h5 35. Ra8 Rxa8 36. Qxa8+ Kh7 37. Ng5+ 1-0

[Event "Paraiban-ch op"]
[Site "Joao Pessoa"]
[Date "2017.01.15"]
[Round "5"]
[White "Gomes, Genildo de Souza"]
[Black "Teixeira, Alexandre Cesar Fer"]
[Result "1-0"]
[WhiteElo "1596"]
[BlackElo "1480"]
[PlyCount "89"]
[EventDate "2017.01.12"]
[EventType "swiss"]
[EventRounds "6"]
[EventCountry "BRA"]
[SourceTitle "CBM 176 Extra"]
[Source "ChessBase"]
[SourceDate "2017.03.02"]
[SourceVersion "1"]
[SourceVersionDate "2017.03.02"]
[SourceQuality "1"]

1. Nf3 g6 2. e4 Bg7 3. d4 d6 4. Bd3 Bg4 5. h3 Bxf3 6. gxf3 Bxd4 7. Bb5+ c6 8. Qxd4 e5 9. Qa4 cxb5 10. Qxb5+ Qd7 11. Qxd7+ Nxd7 12. f4 Ngf6 13. Nc3 b6 14. Nb5 Ke7 15. f3 Rac8 16. c3 a6 17. Na3 Nc5 18. Ke2 Nh5 19. Rg1 Rhg8 20. fxe5 dxe5 21. Nc4 f6 22. Nxb6 Rcd8 23. Nd5+ Kf7 24. Be3 Ne6 25. h4 f5 26. Nb4 f4 27. Bf2 a5 28. Nc6 Ra8 29. Nxe5+ Kf6 30. Ng4+ Kg7 31. Rad1 Rgd8 32. Rd5 Rxd5 33. exd5 Nc7 34. Rd1 Re8+ 35. Kf1 Ng3+ 36. Bxg3 fxg3 37. d6 Ne6 38. Kg2 h5 39. d7 Nf4+ 40. Kxg3 Ne2+ 41. Kf2 Rd8 42. Ne5 Nf4 43. Nc6 Ne6 44. Nxd8 Nxd8 45. Rd5 1-0

[Event "Paraiban-ch op"]
[Site "Joao Pessoa"]
[Date "2017.01.12"]
[Round "1"]
[White "Dantas, Francisco"]
[Black "Teixeira, Alexandre Cesar Fer"]
[Result "1-0"]
[WhiteElo "1918"]
[BlackElo "1480"]
[PlyCount "51"]
[EventDate "2017.01.12"]
[EventType "swiss"]
[EventRounds "6"]
[EventCountry "BRA"]
[SourceTitle "CBM 176 Extra"]
[Source "ChessBase"]
[SourceDate "2017.03.02"]
[SourceVersion "1"]
[SourceVersionDate "2017.03.02"]
[SourceQuality "1"]

1. d4 g6 2. c4 Bg7 3. Nc3 Nf6 4. e4 d6 5. Be2 0-0 6. Bg5 b6 7. Nf3 c5 8. d5 Nbd7 9. h3 Bb7 10. 0-0 Qc7 11. Qc2 e6 12. dxe6 fxe6 13. Rad1 Ne5 14. Nb5 Qb8 15. Nxd6 Nf7 16. Nxb7 Nxg5 17. Nxg5 Qxb7 18. e5 Nh5 19. Bxh5 h6 20. Bf3 Qe7 21. Bxa8 Qxg5 22. f4 Qg3 23. Rf3 Qh4 24. Qxg6 Rxa8 25. Rd7 Qe1+ 26. Kh2 1-0

[Event "Joao Pessoa Fischer Memorial 7th"]
[Site "Joao Pessoa"]
[Date "2016.03.13"]
[Round "5"]
[White "Araujo Brandao, Estevao Alisson"]
[Black "Teixeira, Alexandre Cesar Fer"]
[Result "1-0"]
[WhiteElo "1667"]
[BlackElo "1489"]
[PlyCount "29"]
[EventDate "2016.03.11"]
[EventType "swiss"]
[EventRounds "6"]
[EventCountry "BRA"]
[SourceTitle "CBM 171 Extra"]
[Source "ChessBase"]
[SourceDate "2016.04.26"]
[SourceVersion "1"]
[SourceVersionDate "2016.04.26"]
[SourceQuality "1"]

1. d4 Nf6 2. c4 c5 3. d5 e6 4. Nc3 Be7 5. Nf3 0-0 6. d6 Nc6 7. dxe7 Qxe7 8. Bf4 b6 9. Bd6 Qd8 10. Bxf8 Kxf8 11. Qd6+ Kg8 12. 0-0-0 a5 13. Qxc6 Ra6 14. Nb5 Qe7 15. Qxc8+ 1-0